| 000 | 00566nam a2200229Ia 4500 | ||
|---|---|---|---|
| 003 | OSt | ||
| 005 | 20221005125456.0 | ||
| 006 | a|||||r|||| 00| 0 | ||
| 007 | ta | ||
| 008 | 221004b |||||||| |||| 00| 0 tam d | ||
| 024 | _a49822 | ||
| 037 | _cTextual | ||
| 040 |
_aCRL _cCRL _btam |
||
| 041 |
_2tam _atam |
||
| 082 | _aO31,3N221,3, K0 | ||
| 100 |
_aVallippa Au. _9636730 |
||
| 245 | 0 | _aPeriyor udzhvile | |
| 260 | _c1960 | ||
| 650 | _aTAMIL FICTION | ||
| 942 |
_hO31,3N221,3, K0 _cTEXL _2cc |
||
| 999 |
_c1054124 _d1054124 |
||